The World Bank policy on disclosure of information

Shranjeno v:
Bibliografske podrobnosti
Korporativna značnica: The World Bank
Format: Knjiga
Jezik:Undetermined
Izdano: Washington, D.C. The World Bank 2002
Teme:
Oznake: Označite
Brez oznak, prvi označite!
Thư viện lưu trữ: Trung tâm Học liệu Trường Đại học Cần Thơ
LEADER 00516nam a2200181Ia 4500
001 CTU_63710
008 210402s9999 xx 000 0 und d
082 |a 332.1523 
082 |b W927 
110 |a The World Bank 
245 4 |a The World Bank policy on disclosure of information 
245 4 |c The World Bank 
260 |a Washington, D.C. 
260 |b The World Bank 
260 |c 2002 
650 |a International finance,World bank 
904 |i Trúc 
980 |a Trung tâm Học liệu Trường Đại học Cần Thơ